[Event "DEM U14"]
[Site "Willingen"]
[Date "2006.06.08"]
[Round "8.6"]
[White "Kachibadze, Georg"]
[Black "Schubert, Sven"]
[Result "1-0"]
[WhiteElo "1976"]
[BlackElo "1977"]
[PlyCount "79"]
[EventDate "2006.??.??"]
[EventType "swiss"]
[EventRounds "9"]
[EventCountry "GER"]

1. e4 d5 2. exd5 Qxd5 3. Nc3 Qa5 4. d4 Nf6 5. Nf3 Bf5 6. Bd2 c6 7. Bc4 e6 8.
Qe2 Bb4 9. O-O-O Nbd7 10. a3 Bxc3 11. Bxc3 Qc7 12. d5 cxd5 13. Bxd5 O-O 14. Ba2
Ne4 15. Bb4 Rfc8 16. Nd4 a5 17. Be1 Nef6 18. Nxf5 exf5 19. Bc3 Ne4 20. Bd4 Ra6
21. f3 Nd6 22. Rd2 Rc6 23. Bd5 Re8 24. Qd3 Ra6 25. Bc3 Ne5 26. Bxe5 Rxe5 27.
Rhd1 g6 28. Qd4 Ne8 29. Bxb7 Rb6 30. Bd5 Nf6 31. Ba2 Kg7 32. Kb1 Reb5 33. c4
Rc5 34. g4 fxg4 35. fxg4 Qd7 36. Ka1 Qd6 37. Bb1 Qxd4 38. Rxd4 Rbc6 39. Bd3 Ne8
40. Rf1 {Zeitüberschreitung} 1-0

[Event "DEM U14"]
[Site "Willingen"]
[Date "2006.06.08"]
[Round "8.9"]
[White "Korman, Maxim"]
[Black "Nolte, Christoph"]
[Result "1-0"]
[WhiteElo "2036"]
[BlackElo "1823"]
[PlyCount "67"]
[EventDate "2006.??.??"]
[EventType "swiss"]
[EventRounds "9"]
[EventCountry "GER"]

1. e4 e6 2. d4 d5 3. Nc3 Nf6 4. e5 Nfd7 5. f4 c5 6. Nf3 Nc6 7. Be3 a6 8. Qd2
cxd4 9. Nxd4 Bc5 10. Qf2 Bxd4 11. Bxd4 Nxd4 12. Qxd4 Qb6 13. Ne2 Qxd4 14. Nxd4
Ke7 15. Bd3 Nc5 16. O-O-O Nxd3+ 17. Rxd3 Bd7 18. b3 Rac8 19. Kb2 b5 20. c3 f6
21. Re1 f5 22. h3 h6 23. g4 g6 24. Rg3 Rhg8 25. Reg1 fxg4 26. hxg4 Rcf8 27. f5
gxf5 28. gxf5 Rxg3 29. Rxg3 exf5 30. Rg7+ Ke8 31. e6 Bc8 32. Rc7 Bxe6 33. Nxe6
Rf6 34. Nf4 1-0

[Event "DEM U10"]
[Site "Willingen"]
[Date "2006.06.09"]
[Round "10.1"]
[White "Noe, Christopher"]
[Black "Osmanodja, Filiz"]
[Result "0-1"]
[WhiteElo "1555"]
[BlackElo "1609"]
[PlyCount "86"]
[EventDate "2006.??.??"]
[EventType "swiss"]
[EventRounds "11"]
[EventCountry "GER"]

1. e4 c5 2. Nf3 d6 3. d4 cxd4 4. Nxd4 Nf6 5. Nc3 g6 6. Be3 Bg7 7. f3 O-O 8. Bc4
Nc6 9. Qd2 Bd7 10. O-O-O Rc8 11. h4 Nxd4 12. Qxd4 Ng4 13. Qd3 Nxe3 14. Qxe3
Rxc4 15. g4 Qa5 16. h5 Bxc3 17. bxc3 Qxc3 18. Qxc3 Rxc3 19. Rd3 Rfc8 20. Rxc3
Rxc3 21. hxg6 hxg6 22. Rf1 Be6 23. Kb2 Re3 24. Rf2 d5 25. exd5 Bxd5 26. f4 Rf3
27. Rd2 Be6 28. Rd8+ Kg7 29. Re8 Rxf4 30. Rxe7 Bd5 31. Rd7 Be6 32. Rd3 Rxg4 33.
Kc3 f5 34. Kd2 f4 35. Ke2 Rg2+ 36. Kd1 g5 37. Ke1 Rxc2 38. a3 Kg6 39. Rb3 g4
40. Kf1 g3 41. Rb1 f3 42. Kg1 f2+ 43. Kf1 g2+ 0-1

[Event "DEM U10"]
[Site "Willingen"]
[Date "2006.06.09"]
[Round "10.24"]
[White "Nitsche-Hahn, Raphael"]
[Black "Holle, Cedric"]
[Result "1-0"]
[WhiteElo "1392"]
[BlackElo "1049"]
[PlyCount "37"]
[EventDate "2006.??.??"]
[EventType "swiss"]
[EventRounds "11"]
[EventCountry "GER"]

1. d4 Nf6 2. c4 e5 3. e3 Bb4+ 4. Bd2 Nc6 5. d5 Bxd2+ 6. Nxd2 Nb4 7. Ngf3 d6 8.
a3 Na6 9. Bd3 e4 10. Nxe4 Nxe4 11. Bxe4 Nc5 12. Qd4 O-O 13. Bc2 c6 14. O-O cxd5
15. cxd5 a5 16. b4 axb4 17. axb4 Na6 18. Qd3 Nxb4 19. Qxh7# 1-0

[Event "DEM U10"]
[Site "Willingen"]
[Date "2006.06.09"]
[Round "10.27"]
[White "Lagunov, Elina"]
[Black "Jünger, Alexander"]
[Result "1-0"]
[WhiteElo "857"]
[BlackElo "1197"]
[PlyCount "88"]
[EventDate "2006.??.??"]
[EventType "swiss"]
[EventRounds "11"]
[EventCountry "GER"]

1. e4 e5 2. Nf3 Nc6 3. Bc4 Nf6 4. d4 exd4 5. O-O Bc5 6. e5 d5 7. exf6 dxc4 8.
Re1+ Be6 9. Ng5 Qxf6 10. Nxe6 fxe6 11. Qh5+ g6 12. Qxc5 Rf8 13. Rf1 Rc8 14. Bg5
Qg7 15. Nd2 Rf5 16. Qxc4 Rxg5 17. Qxe6+ Ne7 18. Rae1 Rd8 19. Ne4 Rf5 20. Qc4
Rd7 21. Nc5 Rdd5 22. Nxb7 Kd7 23. b4 Rh5 24. Nc5+ Ke8 25. Ne6 Qh6 26. h3 Rd7
27. Nxc7+ Kf8 28. Ne6+ Ke8 29. Nxd4 Kd8 30. Ne6+ Ke8 31. Nf4 Rf5 32. Nd3 Qg7
33. Qc8+ Rd8 34. Qc6+ Kf8 35. Qc7 Rc8 36. Qd6 Rxc2 37. Re3 Rc8 38. Rfe1 Re8 39.
Nc5 Rxc5 40. bxc5 h6 41. c6 Kf7 42. Rxe7+ Rxe7 43. Rxe7+ Kg8 44. Rxg7+ Kxg7 1-0

[Event "DEM U10"]
[Site "Willingen"]
[Date "2006.06.09"]
[Round "10.32"]
[White "Schreiber, Kevin"]
[Black "Palm, Sören"]
[Result "0-1"]
[WhiteElo "1156"]
[BlackElo "1023"]
[PlyCount "68"]
[EventDate "2006.??.??"]
[EventType "swiss"]
[EventRounds "11"]
[EventCountry "GER"]

1. d4 d6 2. Nf3 Bg4 3. Nbd2 Nc6 4. h3 Bf5 5. e3 Nb4 6. e4 Bd7 7. c3 Nc6 8. Bd3
e6 9. O-O Nf6 10. Re1 e5 11. dxe5 dxe5 12. Bb5 Bd6 13. Nc4 O-O 14. Bxc6 Bxc6
15. Ncxe5 Bxe4 16. Bg5 Re8 17. Rxe4 Bxe5 18. Rxe5 Qxd1+ 19. Rxd1 Nh5 20. Rde1
Rxe5 21. Rxe5 f6 22. Bxf6 Nxf6 23. Kf1 c6 24. Re7 Rb8 25. Ke2 Nd5 26. Re4 Kf7
27. Ne5+ Kg8 28. Kd3 Rf8 29. Ke2 Nf4+ 30. Kf1 Nh5 31. Nf3 Kf7 32. Ne5+ Kg8 33.
Ng4 Ng3+ 34. Kg1 Nxe4 0-1

[Event "DEM U10"]
[Site "Willingen"]
[Date "2006.06.09"]
[Round "10.34"]
[White "Nelson, Philip"]
[Black "Steimbach, Isabel"]
[Result "0-1"]
[WhiteElo "1103"]
[BlackElo "975"]
[PlyCount "106"]
[EventDate "2006.??.??"]
[EventType "swiss"]
[EventRounds "11"]
[EventCountry "GER"]

1. e4 e5 2. Nf3 Nc6 3. Bc4 Nf6 4. d3 Bc5 5. Bg5 h6 6. Bh4 O-O 7. Nc3 d6 8. h3
Be6 9. Bb3 Bb4 10. O-O Bxc3 11. bxc3 Bd7 12. d4 a5 13. d5 Ne7 14. Bxf6 gxf6 15.
Nh4 Ng6 16. Nxg6 fxg6 17. Qd2 Kg7 18. Qe3 b5 19. a3 a4 20. Ba2 f5 21. f3 f4 22.
Qe2 Bc8 23. Rfe1 Ba6 24. c4 Qd7 25. c3 c6 26. Rab1 Rab8 27. dxc6 Qxc6 28. cxb5
Bxb5 29. Qd2 Qc5+ 30. Kh1 Qxa3 31. Qb2 Qxb2 32. Rxb2 a3 33. Rb3 Rfc8 34. Rxa3
Rc5 35. Rd1 Rd8 36. Ra7+ Kf6 37. Rf7+ Kg5 38. Rc1 Rdc8 39. Rd7 Bxd7 40. Rd1
Rxc3 41. Rxd6 Ra3 42. Bd5 Bb5 43. Bf7 Rc6 44. Rd5 Bc4 45. Rd7 Bxf7 46. Rxf7
Rc1+ 47. Kh2 Ra2 48. Rg7 Rcc2 49. h4+ Kh5 50. Kh3 Rxg2 51. Rxg6 Kxg6 52. h5+
Kf6 53. Kh4 Rh2+ 0-1

[Event "DEM U10"]
[Site "Willingen"]
[Date "2006.06.09"]
[Round "10.46"]
[White "Schrötter, Luisa"]
[Black "Grzeca, Carmen"]
[Result "1/2-1/2"]
[WhiteElo "748"]
[BlackElo "858"]
[PlyCount "31"]
[EventDate "2006.??.??"]
[EventType "swiss"]
[EventRounds "11"]
[EventCountry "GER"]

1. e4 e5 2. Nf3 Nc6 3. Bc4 Bc5 4. d3 Nf6 5. Nc3 O-O 6. Bg5 h6 7. Bxf6 Qxf6 8.
Nd5 Qg6 9. Nxc7 Rb8 10. O-O d6 11. c3 Bh3 12. Nh4 Qg5 13. Qf3 Qxh4 14. Qxh3
Qxh3 15. gxh3 Bb6 16. Nd5 1/2-1/2

[Event "DEM U16w"]
[Site "Willingen"]
[Date "2006.06.08"]
[Round "8.9"]
[White "Dittrich, Jaqueline"]
[Black "Karmann, Anna"]
[Result "1/2-1/2"]
[WhiteElo "1589"]
[BlackElo "1709"]
[PlyCount "53"]
[EventDate "2006.??.??"]
[EventType "swiss"]
[EventRounds "9"]
[EventCountry "GER"]

1. e4 Nf6 2. e5 Nd5 3. c4 Nb6 4. d4 d6 5. exd6 cxd6 6. Nc3 g6 7. Be3 Bg7 8. Rc1
O-O 9. b3 e5 10. dxe5 dxe5 11. Qxd8 Rxd8 12. c5 N6d7 13. Nf3 Nc6 14. Bc4 Nf8
15. Ng5 Be6 16. Nxe6 Nxe6 17. Bxe6 fxe6 18. O-O Nd4 19. Rfd1 Rac8 20. Ne4 Rc6
21. Kf1 h6 22. Nd6 b6 23. b4 bxc5 24. bxc5 Nf5 25. Nb7 Rdc8 26. Nd6 Rd8 27. Ne4
1/2-1/2

[Event "DEM U16w"]
[Site "Willingen"]
[Date "2006.06.08"]
[Round "8.12"]
[White "Dobrusina, Anna"]
[Black "Öz, Edda"]
[Result "1-0"]
[WhiteElo "1564"]
[BlackElo "1248"]
[PlyCount "101"]
[EventDate "2006.??.??"]
[EventType "swiss"]
[EventRounds "9"]
[EventCountry "GER"]

1. e4 e5 2. Nf3 Nc6 3. d4 exd4 4. Nxd4 Bc5 5. Nb3 Bb6 6. Nc3 d6 7. a4 a6 8. Qe2
Be6 9. Nd5 Nge7 10. Nxb6 cxb6 11. Bf4 Qc7 12. Rd1 Rd8 13. Qd2 Nc8 14. Qc3 O-O
15. Nd4 Bd7 16. Bd3 Rfe8 17. O-O N8e7 18. Nf5 Bxf5 19. exf5 Nd5 20. Qc4 Nxf4
21. Qxf4 f6 22. Bc4+ Kh8 23. Be6 Ne5 24. Rd2 Qe7 25. Qd4 Qc7 26. Rfd1 Nc6 27.
Qc3 Re7 28. Qa3 g6 29. Rxd6 Rxd6 30. Qxd6 Qxd6 31. Rxd6 gxf5 32. Kf1 f4 33. c3
Kg7 34. Rd7 Rxd7 35. Bxd7 Kg6 36. Ke2 a5 37. Bc8 Nd8 38. Kf3 Kg5 39. h4+ Kxh4
40. Kxf4 Kh5 41. Kf5 Nf7 42. Kxf6 Nd6 43. Bf5 Nc4 44. b3 Nd2 45. Bc2 h6 46. Ke7
Kg4 47. Kd7 h5 48. Kc7 h4 49. Kxb7 Nf3 50. Kxb6 Ne1 51. Be4 1-0

[Event "DEM U16w"]
[Site "Willingen"]
[Date "2006.06.08"]
[Round "8.13"]
[White "Nekrassova, Ekatherina"]
[Black "Dauer, Carolin"]
[Result "1/2-1/2"]
[WhiteElo "1502"]
[BlackElo "1572"]
[PlyCount "38"]
[EventDate "2006.??.??"]
[EventType "swiss"]
[EventRounds "9"]
[EventCountry "GER"]

1. e4 c6 2. d4 d5 3. Nc3 dxe4 4. Nxe4 Bf5 5. Ng3 Bg6 6. Nf3 e6 7. Bd3 Bxd3 8.
Qxd3 Bd6 9. Ne4 Be7 10. O-O Nf6 11. Re1 Nbd7 12. c4 Qc7 13. Bd2 Rd8 14. Ng3 Nf8
15. Qe2 Ng6 16. Rac1 Qd6 17. Bc3 O-O 18. Rcd1 Qc7 19. Ne5 Rfe8 1/2-1/2

[Event "DEM U14"]
[Site "Willingen"]
[Date "2006.06.08"]
[Round "8.1"]
[White "Hirneise, Jens"]
[Black "Heimann, Andreas"]
[Result "1/2-1/2"]
[WhiteElo "2006"]
[BlackElo "2136"]
[PlyCount "25"]
[EventDate "2006.??.??"]
[EventType "swiss"]
[EventRounds "9"]
[EventCountry "GER"]

1. e4 e5 2. Nf3 Nc6 3. Nc3 Nf6 4. Bb5 Bd6 5. O-O O-O 6. d4 exd4 7. Nxd4 Be5 8.
Nde2 Re8 9. f3 d6 10. Bg5 a6 11. f4 Bxc3 12. Bxc6 bxc6 13. Nxc3 1/2-1/2

[Event "DEM U14"]
[Site "Willingen"]
[Date "2006.06.08"]
[Round "8.7"]
[White "Schiffner, Kevin"]
[Black "Nuber, Blasius"]
[Result "0-1"]
[WhiteElo "1568"]
[BlackElo "2041"]
[PlyCount "68"]
[EventDate "2006.??.??"]
[EventType "swiss"]
[EventRounds "9"]
[EventCountry "GER"]

1. e4 Nf6 2. e5 Nd5 3. d4 Nb6 4. c4 d6 5. exd6 exd6 6. Nc3 Be7 7. Be3 Nc6 8.
Qf3 Bf6 9. O-O-O O-O 10. g4 Be6 11. b3 d5 12. c5 Nc8 13. Nge2 b6 14. Nf4 bxc5
15. Nfxd5 Bxd4 16. Bxd4 cxd4 17. Nf6+ Qxf6 18. Qxc6 Qh6+ 19. f4 Qxf4+ 20. Kb1
dxc3 21. Qxc3 Ne7 22. Bg2 Rad8 23. Rdf1 Qd6 24. g5 Bf5+ 25. Ka1 Qd2 26. Qxd2
Rxd2 27. Bf3 Rfd8 28. h4 Rc2 29. Bd1 Rc1+ 30. Kb2 Rb1+ 31. Ka3 Rd2 32. Re1 Be6
33. h5 Rbb2 34. Bf3 c5 0-1

[Event "DEM U14"]
[Site "Willingen"]
[Date "2006.06.08"]
[Round "8.8"]
[White "Specht, Christian"]
[Black "Kaphle, Stephan"]
[Result "1/2-1/2"]
[WhiteElo "1933"]
[BlackElo "2020"]
[PlyCount "114"]
[EventDate "2006.??.??"]
[EventType "swiss"]
[EventRounds "9"]
[EventCountry "GER"]

1. e4 c5 2. Nf3 d6 3. d4 cxd4 4. Nxd4 Nf6 5. Nc3 a6 6. Be3 e6 7. f3 b5 8. Qd2
Nbd7 9. g4 Nb6 10. a4 Nc4 11. Bxc4 bxc4 12. O-O-O Bb7 13. g5 Nd7 14. h4 Qc7 15.
h5 O-O-O 16. g6 Ne5 17. gxf7 Qxf7 18. Qe2 d5 19. Bg5 Re8 20. f4 Nd7 21. exd5
exd5 22. Qg4 h6 23. Bh4 Bc5 24. Rhf1 Kb8 25. Qf5 Rhf8 26. Qxf7 Rxf7 27. f5 Nf8
28. f6 gxf6 29. Nf5 Nd7 30. Nxd5 Kc8 31. Bg3 Ne5 32. Bf2 Bf8 33. Bb6 Bc6 34. a5
Nd3+ 35. cxd3 Bxd5 36. d4 Re4 37. Rde1 Kd7 38. Kc2 Kc6 39. Ne3 Bb4 40. Nxd5
Bxe1 41. Nc3 Bxc3 42. Kxc3 f5 43. Kxc4 f4 44. Rf3 Re2 45. d5+ Kd6 46. Bc5+ Ke5
47. b4 Ke4 48. Rf2 Rxf2 49. Bxf2 Rd7 50. b5 Rxd5 51. bxa6 Rxa5 52. a7 Kf5 53.
Bb6 Ra2 54. Kb4 Rxa7 55. Bxa7 Kg5 56. Kc3 Kxh5 57. Kd2 Kg4 1/2-1/2

[Event "DEM U14"]
[Site "Willingen"]
[Date "2006.06.08"]
[Round "8.11"]
[White "Bart, Simon"]
[Black "Doberitz, Paul"]
[Result "1/2-1/2"]
[WhiteElo "1667"]
[BlackElo "1766"]
[PlyCount "47"]
[EventDate "2006.??.??"]
[EventType "swiss"]
[EventRounds "9"]
[EventCountry "GER"]

1. e4 c5 2. Nf3 Nc6 3. d4 cxd4 4. Nxd4 Nf6 5. Nc3 g6 6. Be3 Bg7 7. Bc4 O-O 8.
f3 Qa5 9. Qd2 Qb4 10. Bb3 Nxd4 11. Qxd4 Qa5 12. O-O-O d6 13. Qd2 Bd7 14. g4
Rfc8 15. h4 b5 16. h5 b4 17. Ne2 Ba4 18. Bxa4 Qxa4 19. Kb1 Rc6 20. hxg6 hxg6
21. Bh6 Bh8 22. Bg5 Bg7 23. Bh6 Bh8 24. Bg5 1/2-1/2

[Event "DEM U14"]
[Site "Willingen"]
[Date "2006.06.08"]
[Round "8.12"]
[White "Steinacker, Alex"]
[Black "Völsgen, Georg"]
[Result "0-1"]
[WhiteElo "1605"]
[BlackElo "1760"]
[PlyCount "74"]
[EventDate "2006.??.??"]
[EventType "swiss"]
[EventRounds "9"]
[EventCountry "GER"]

1. c4 e5 2. Nc3 Nf6 3. g3 Bb4 4. Bg2 O-O 5. e3 Bxc3 6. bxc3 d6 7. d4 Re8 8. Ne2
e4 9. Nf4 Bg4 10. f3 exf3 11. Bxf3 Bxf3 12. Qxf3 Ne4 13. O-O f6 14. Qg4 Qd7 15.
Qxd7 Nxd7 16. Nd5 Rac8 17. Rb1 b6 18. Rb3 c6 19. Nf4 c5 20. d5 Ne5 21. Ra3 Re7
22. Ne2 Nxc4 23. Ra4 b5 24. Ra6 Nb6 25. Ra5 Nxd5 26. Rxb5 Nexc3 27. Rb2 Nxe2+
28. Rxe2 Rce8 29. Rfe1 Kf7 30. Kg2 Nb6 31. Kf3 Nc4 32. Rd1 Re6 33. h3 g5 34. g4
Kg6 35. Kf2 h5 36. Rd5 hxg4 37. hxg4 Re4 0-1

[Event "DEM U14"]
[Site "Willingen"]
[Date "2006.06.08"]
[Round "8.14"]
[White "Höfer, Michael"]
[Black "Colpe, Malte"]
[Result "0-1"]
[WhiteElo "1526"]
[BlackElo "1960"]
[PlyCount "36"]
[EventDate "2006.??.??"]
[EventType "swiss"]
[EventRounds "9"]
[EventCountry "GER"]

1. e4 e5 2. Nf3 Nc6 3. Bc4 Nf6 4. Ng5 d5 5. exd5 Na5 6. Bb5+ c6 7. dxc6 bxc6 8.
Be2 h6 9. Nf3 e4 10. Ne5 Bc5 11. O-O O-O 12. c3 Bd6 13. Nc4 Nxc4 14. Bxc4 Bxh2+
15. Kh1 Bc7 16. d4 Qd6 17. g3 Qd7 18. f4 Qh3+ 0-1

[Event "DEM U10"]
[Site "Willingen"]
[Date "2006.06.09"]
[Round "10.2"]
[White "Xu, Xianliang"]
[Black "Möhn, Hans"]
[Result "1-0"]
[WhiteElo "1542"]
[BlackElo "1580"]
[PlyCount "121"]
[EventDate "2006.??.??"]
[EventType "swiss"]
[EventRounds "11"]
[EventCountry "GER"]

1. e4 c5 2. Nf3 d6 3. b4 cxb4 4. d4 e6 5. a3 d5 6. e5 Nc6 7. axb4 Bxb4+ 8. Bd2
Bxd2+ 9. Qxd2 Nge7 10. Bd3 Bd7 11. O-O a6 12. Nc3 b5 13. Rfb1 O-O 14. Qe2 Ng6
15. g3 Qc7 16. Nd1 Na5 17. h4 Nc4 18. h5 Ne7 19. h6 g6 20. Bxc4 Qxc4 21. Qd2
Rfc8 22. Qf4 Nf5 23. g4 Qxc2 24. gxf5 Qxf5 25. Qxf5 exf5 26. Ne3 Be6 27. Nd2 f4
28. Ng2 Bf5 29. Rc1 Rxc1+ 30. Rxc1 g5 31. Nf3 g4 32. Nfh4 Rc8 33. Ra1 Be6 34.
Rxa6 g3 35. Nxf4 gxf2+ 36. Kxf2 b4 37. Rb6 Rc4 38. Rb8+ Rc8 39. Rxb4 Rc2+ 40.
Ke3 Rc3+ 41. Kd2 Rc8 42. Nxe6 fxe6 43. Nf3 Kf7 44. Ng5+ Kg6 45. Nxe6 Kxh6 46.
Rb6 Kg6 47. Nf4+ Kf7 48. Nxd5 h5 49. e6+ Ke8 50. Rb7 Ra8 51. Nc7+ Kf8 52. Nxa8
h4 53. d5 h3 54. d6 h2 55. Rh7 h1=Q 56. Rxh1 Kg8 57. d7 Kg7 58. d8=Q Kg6 59.
Qf8 Kg5 60. Rg1+ Kh5 61. Qh8# 1-0

[Event "DEM U10"]
[Site "Willingen"]
[Date "2006.06.09"]
[Round "10.3"]
[White "Große, Christian"]
[Black "Kyas, Philipp"]
[Result "1/2-1/2"]
[WhiteElo "1552"]
[BlackElo "1506"]
[PlyCount "81"]
[EventDate "2006.??.??"]
[EventType "swiss"]
[EventRounds "11"]
[EventCountry "GER"]

1. e4 e5 2. Nf3 Nc6 3. d4 exd4 4. Nxd4 Bc5 5. Nxc6 Qf6 6. Qd2 dxc6 7. Bd3 Ne7
8. O-O Ng6 9. Nc3 h6 10. b3 Bd4 11. Bb2 Nh4 12. Be2 Bh3 13. Nd5 cxd5 14. Bxd4
Qg6 15. g3 Bxf1 16. Kxf1 O-O 17. gxh4 Qxe4 18. Kg1 Qxh4 19. Kh1 Rae8 20. Rg1 g6
21. Bf3 b6 22. Bxd5 Kh7 23. Qc3 c5 24. Bg7 Rg8 25. Bf6 Qxf2 26. Bxf7 Re3 27.
Bxg8+ Kxg8 28. Qc4+ Kf8 29. Qf1 Rf3 30. Qxf2 Rxf2 31. Bh4 Rxc2 32. Rxg6 Rxa2
33. Rxh6 Ra3 34. Rh7 a5 35. Bg5 Rxb3 36. h4 a4 37. h5 a3 38. Bf6 b5 39. h6 a2
40. Ra7 Rh3+ 41. Kg2 1/2-1/2

[Event "DEM U10"]
[Site "Willingen"]
[Date "2006.06.09"]
[Round "10.13"]
[White "Urban, Lars"]
[Black "Rührmund, Daniel"]
[Result "0-1"]
[WhiteElo "1265"]
[BlackElo "1470"]
[PlyCount "126"]
[EventDate "2006.??.??"]
[EventType "swiss"]
[EventRounds "11"]
[EventCountry "GER"]

1. d4 d5 2. c4 e6 3. Nc3 c6 4. Nf3 f5 5. e3 Nf6 6. Bd2 Bd6 7. Be2 O-O 8. O-O
Nbd7 9. Rc1 Ne4 10. cxd5 exd5 11. Qc2 Qe7 12. h3 Ndf6 13. Bd3 Nxd2 14. Nxd2 Ne4
15. Rfe1 Qg5 16. Bxe4 fxe4 17. Kf1 Qh4 18. Nb3 Rf6 19. Nc5 b6 20. N5xe4 dxe4
21. Nxe4 Ba6+ 22. Kg1 Rg6 23. Nxd6 Rxd6 24. Qb3+ Kh8 25. Qa3 Rf6 26. Qxa6 Qxf2+
27. Kh1 Qg3 28. Re2 Raf8 29. Rec2 b5 30. Kg1 Qxe3+ 31. Kh2 Qf4+ 32. Kh1 Qd6 33.
Kg1 Qxd4+ 34. Kh2 h6 35. Qa3 Qe5+ 36. Kg1 Qd4+ 37. Kh2 Rf1 38. Rxc6 Qg1+ 39.
Kg3 Qf2+ 40. Kh2 Qf4+ 41. Qg3 Rxc1 42. Qxf4 Rxf4 43. Rxc1 Rf2 44. Rc7 a5 45.
Ra7 a4 46. b3 Rxa2 47. bxa4 bxa4 48. Kg3 a3 49. h4 Ra1 50. h5 a2 51. Kg4 Kg8
52. g3 Kf8 53. Ra6 Ke7 54. Ra7+ Ke6 55. Rxg7 Rf1 56. Rg6+ Ke5 57. Rxh6 a1=Q 58.
Re6+ Kxe6 59. h6 Qd4+ 60. Kh3 Rh1+ 61. Kg2 Rg1+ 62. Kh3 Kf5 63. h7 Qg4+ 0-1

[Event "DEM U10"]
[Site "Willingen"]
[Date "2006.06.09"]
[Round "10.14"]
[White "Nöttling, Dominik"]
[Black "Engshuber, Maximilian"]
[Result "1-0"]
[WhiteElo "1503"]
[BlackElo "1228"]
[PlyCount "73"]
[EventDate "2006.??.??"]
[EventType "swiss"]
[EventRounds "11"]
[EventCountry "GER"]

1. e4 e5 2. Bc4 Nc6 3. Nf3 Nf6 4. d3 Bc5 5. Nc3 d6 6. Bg5 h6 7. Bh4 g5 8. Bg3
Bg4 9. Nb1 Qe7 10. Nbd2 O-O-O 11. O-O d5 12. exd5 Nxd5 13. c3 f5 14. h3 Bh5 15.
a4 f4 16. Bh2 a6 17. Re1 Qg7 18. Ne4 Ba7 19. b4 Rhg8 20. b5 Na5 21. bxa6 Nxc4
22. axb7+ Kxb7 23. dxc4 Nb6 24. Qb3 g4 25. Nc5+ Ka8 26. Ne6 Qg6 27. Nxd8 gxf3
28. g3 Rxd8 29. Rab1 Rb8 30. Rxe5 Nd7 31. Rb5 Rxb5 32. Qxb5 Nb6 33. a5 fxg3 34.
fxg3 Qg7 35. axb6 Bxb6+ 36. c5 Qxc3 37. cxb6 1-0

[Event "DEM U10"]
[Site "Willingen"]
[Date "2006.06.09"]
[Round "10.22"]
[White "Hauffen, Franziska"]
[Black "Pfadenhauer, Johannes"]
[Result "0-1"]
[WhiteElo "1084"]
[BlackElo "1281"]
[PlyCount "130"]
[EventDate "2006.??.??"]
[EventType "swiss"]
[EventRounds "11"]
[EventCountry "GER"]

1. e4 c5 2. Nf3 e6 3. d4 cxd4 4. Nxd4 Be7 5. Nc3 a6 6. Be3 Nc6 7. Bc4 Qc7 8.
Bb3 Nf6 9. f3 b5 10. Qd2 b4 11. Nce2 a5 12. Nb5 Qb8 13. Ba4 Ba6 14. Bf4 e5 15.
Be3 Bxb5 16. Bxb5 Qxb5 17. O-O O-O 18. Ng3 Bc5 19. Kh1 Bxe3 20. Qxe3 Nd4 21.
Rf2 Rac8 22. Rc1 a4 23. c3 bxc3 24. bxc3 Ne6 25. Nf5 Nf4 26. Rd2 Rc6 27. Ne7+
Kh8 28. Nxc6 dxc6 29. Rcd1 h6 30. Rd8 Rxd8 31. Rxd8+ Kh7 32. Rd1 Qb2 33. Qd2
Qb5 34. g3 Ne6 35. Qe3 a3 36. f4 Qa4 37. Re1 Qc2 38. Re2 Qd1+ 39. Re1 Qh5 40.
fxe5 Qxe5 41. Qd3 Ng4 42. Qe2 Nf6 43. Qc2 Ng5 44. Qd3 Ngxe4 45. c4 Qb2 46. Re2
Qc3 47. Qb1 Qf3+ 48. Rg2 g6 49. Kg1 Nf2 50. Rxf2 Qe3 51. Kf1 Ne4 52. Re2 Nd2+
53. Rxd2 Qxd2 54. Qb7 Qd3+ 55. Kg2 Qxc4 56. Kg1 Qxa2 57. Qc7 Qb3 58. Kg2 a2 59.
Qe5 Qd5+ 60. Qxd5 cxd5 61. Kh3 a1=Q 62. Kh4 Qf1 63. Kg4 f5+ 64. Kh4 g5+ 65. Kh5
Qh3# 0-1

[Event "DEM U10"]
[Site "Willingen"]
[Date "2006.06.09"]
[Round "10.28"]
[White "Imgrunt, Philipp"]
[Black "Powierski, Emil"]
[Result "1/2-1/2"]
[WhiteElo "982"]
[BlackElo "1155"]
[PlyCount "138"]
[EventDate "2006.??.??"]
[EventType "swiss"]
[EventRounds "11"]
[EventCountry "GER"]

1. d4 Nf6 2. Nc3 d5 3. Nf3 Bf5 4. Bf4 e6 5. e3 Bb4 6. Bd3 Ne4 7. Bxe4 Bxe4 8.
O-O Bg6 9. Be5 f6 10. Bf4 O-O 11. Nb5 Ba5 12. b4 Bb6 13. a4 a6 14. Nc3 c6 15.
a5 Bc7 16. Bxc7 Qxc7 17. Re1 Nd7 18. e4 Rfe8 19. exd5 cxd5 20. Qd2 Rac8 21. Ra3
Qd6 22. Rb3 b6 23. axb6 Qxb6 24. b5 axb5 25. Nxb5 Rxc2 26. Qb4 Rc6 27. h3 Bf7
28. Reb1 Rb8 29. Ra1 Nf8 30. Na7 Qxb4 31. Rxb4 Rcb6 32. Rxb6 Rxb6 33. Nc8 Rb8
34. Ne7+ Kh8 35. Ra7 Bg8 36. Nc6 Rc8 37. Ne7 Rd8 38. Ra5 Re8 39. Nc6 Ng6 40.
Nd2 Rc8 41. Rc5 e5 42. Nb3 h6 43. g3 Kh7 44. Kg2 exd4 45. Nbxd4 Ne5 46. f4 Nxc6
47. Rxc6 Rxc6 48. Nxc6 g5 49. Kf3 Be6 50. h4 gxh4 51. gxh4 Kg6 52. Nd4 Bf7 53.
f5+ Kg7 54. Ke3 Kf8 55. Nc6 Ke8 56. Kd4 Kd7 57. Nb4 Kd6 58. Nd3 Bg8 59. Nf4 Bh7
60. Ng6 Bxg6 61. fxg6 Ke7 62. Kxd5 Kf8 63. Ke6 Kg7 64. h5 f5 65. Kxf5 Kg8 66.
Ke5 Kg7 67. Ke6 Kg8 68. Ke7 Kg7 69. Ke6 Kg8 1/2-1/2

[Event "DEM U10"]
[Site "Willingen"]
[Date "2006.06.09"]
[Round "10.31"]
[White "Mainik, Philipp"]
[Black "Svane, Rasmus"]
[Result "1-0"]
[WhiteElo "1258"]
[BlackElo "1034"]
[PlyCount "121"]
[EventDate "2006.??.??"]
[EventType "swiss"]
[EventRounds "11"]
[EventCountry "GER"]

1. e4 c5 2. Nf3 Nc6 3. d4 cxd4 4. Nxd4 Nf6 5. Nc3 e5 6. Ndb5 d6 7. Bg5 a6 8.
Na3 b5 9. Nd5 Be7 10. Nxe7 Qxe7 11. c4 b4 12. Nc2 O-O 13. Ne3 Qe6 14. Nd5 Nxe4
15. Nc7 Qd7 16. Nxa8 Nxg5 17. Nb6 Qe6 18. Qd5 Qxd5 19. Nxd5 Nd4 20. Kd2 Ne4+
21. Ke3 f5 22. Bd3 Nc5 23. f4 exf4+ 24. Nxf4 Nxd3 25. Kxd3 Nc6 26. Rhe1 g5 27.
Nd5 Ne5+ 28. Kd4 Nc6+ 29. Ke3 f4+ 30. Kf2 Ne5 31. Rad1 Kh8 32. b3 a5 33. Ne7 f3
34. Nxc8 Ng4+ 35. Kg3 f2 36. Rf1 Ne3 37. Rxf2 Rxf2 38. Kxf2 Nxd1+ 39. Ke1 Nc3
40. Nxd6 Nxa2 41. c5 Nc3 42. c6 Nd5 43. Nf7+ Kg7 44. Nxg5 h6 45. Ne6+ Kf6 46.
c7 Nb6 47. Nd4 Ke5 48. Nb5 Ke6 49. g4 Kd7 50. h4 Kc6 51. Nd4+ Kxc7 52. Nf5 h5
53. g5 Kd8 54. Ng7 Ke7 55. Nxh5 Kf7 56. Nf4 Nd7 57. h5 Nf8 58. h6 Ng6 59. h7
Nh8 60. Kd2 Kg7 61. g6 1-0

[Event "DEM U18w"]
[Site "Willingen"]
[Date "2006.06.08"]
[Round "8.6"]
[White "Wirths, Clara"]
[Black "Hofmann, Annett"]
[Result "0-1"]
[WhiteElo "1935"]
[BlackElo "2004"]
[PlyCount "59"]
[EventDate "2006.??.??"]
[EventType "swiss"]
[EventRounds "9"]
[EventCountry "GER"]

1. e4 c5 2. Nf3 d6 3. d4 cxd4 4. Nxd4 Nf6 5. Nc3 a6 6. Be3 e6 7. f3 Nbd7 8. g4
h6 9. Qd2 b5 10. h4 Bb7 11. Rg1 b4 12. Nce2 d5 13. g5 hxg5 14. hxg5 Nh5 15. g6
dxe4 16. gxf7+ Kxf7 17. Bg5 Qb6 18. O-O-O Nhf6 19. fxe4 Bxe4 20. Ng3 Bd5 21.
Kb1 e5 22. Bxf6 Nxf6 23. Nde2 Bc5 24. Bg2 Rad8 25. Bxd5+ Rxd5 26. Qg5 Bxg1 27.
Rxg1 Qxg1+ 28. Nxg1 Rd1+ 29. Qc1 Rxc1+ 30. Kxc1 0-1

[Event "DEM U18w"]
[Site "Willingen"]
[Date "2006.06.08"]
[Round "8.12"]
[White "Hafner, Katrin"]
[Black "Breitwieser, Jasmin"]
[Result "1-0"]
[WhiteElo "1565"]
[BlackElo "1338"]
[PlyCount "43"]
[EventDate "2006.??.??"]
[EventType "swiss"]
[EventRounds "9"]
[EventCountry "GER"]

1. e4 e5 2. Nc3 Nf6 3. f4 d6 4. Nf3 Nc6 5. fxe5 Nxe5 6. d4 Nc6 7. Bc4 Bg4 8.
O-O Be7 9. a3 O-O 10. Qd3 Qd7 11. Ng5 Bh5 12. Nf3 Bg6 13. Nh4 Bh5 14. Nf5 Bg6
15. Bb3 Bxf5 16. Rxf5 g6 17. Rf3 Na5 18. Ba2 c5 19. Bh6 Rfc8 20. Rd1 c4 21. Qf1
Bf8 22. Bxf8 1-0